000 00674nam a2200217 a 4500
999 _c1651
_d1651
001 1651
003 BD-JhCC
005 20171022204900.0
008 171022b1999 bg |||| |||| 001 0 ben d
035 _a(BD-JhCC)1651
040 _aBD-JhCC
_dBD-JhCC
041 _aben
082 _a891.4409
_bHUM 1999
100 _aকবির, হুমায়ূন
245 _aশরৎ সাহিত্যের মূলত্তত্ব /
_c হুমায়ূন কবির
260 _aঢাকা :
_bউত্তরণ,
_c১৯৯৯.
300 _a৫৫ পৃ . :
_c২১ সেমি.
650 _aBengali Literature
942 _2ddc
_cBK